| 000 | 01324nam a22002297a 4500 | ||
|---|---|---|---|
| 999 |
_c2249 _d2249 |
||
| 003 | AR-CdUCM | ||
| 008 | 190304b ||||| |||| 00| 0 spa d | ||
| 040 |
_aMUNICIPALIDAD PROVINCIAL DEL CUSCO _cBIBLIOTECA MUNICIPAL DEL CUSCO |
||
| 082 |
_a086.901 / _bE92 |
||
| 100 |
_aFrancisco Esteve, Barba _98099 |
||
| 245 |
_aHistoria de la Cultura : _bRenacimiento y Barroco / |
||
| 260 |
_aBarcelona: _bSalvat Editores, _c1955. |
||
| 300 |
_a4 tomos; _c25.7 cm. |
||
| 440 |
_aHistoria de la Cultura _n3 _98100 |
||
| 500 | _a | ||
| 505 | _aContenido: t.1: Renacimiento y religión en Egipto -- Tumbas y templos, artes y ciencias en el valle del Nilo -- Culturas de arcilla: sumeria, Accadia y Babilonia -- Culturas de arcilla: Asiria y Caldea -- Aparición del mar: Los fenicios -- t.2: Europa en la edad antigua -- Orígenes del cristianismo y edad media -- t.3: América antes de Colón -- Los descubrimientos Oceánicos -- Los primeros contactos con América -- Orígenes del Renacimiento y la reforma -- Los principios del Renacimiento en el Arte -- El grabado y la imprenta -- Los Orígenes del pensamiento moderno -- t.4: El nuevo espiritu europeo -- Desde el romanticismo a nuestros dias. | ||
| 650 |
_aRenacimiento _95449 |
||
| 650 |
_aBarroco _98101 |
||
| 650 |
_aAmérica _91348 |
||
| 942 |
_2ddc _cLIBROS |
||
| 945 | _artm | ||